Statistics for Top 500 Baby Girl Names Scotland 2022 - Alphabetical

Click here to take the quiz!

General Stats

  • This quiz has been taken 317 times
  • The average score is 228 of 500

Answer Stats

% Correct
380AAna
99%
30AAnna
99%
59AAlice
88%
163EEliza
88%
92EElizabeth
88%
186EElle
88%
9EElla
87%
146EEve
87%
14AAria
85%
380AAriah
85%
358AAriya
85%
358AAriyah
85%
163AArya
85%
9AAva
84%
50EEmma
84%
80EEvelyn
84%
97LLara
84%
173LLaura
84%
1OOlivia
84%
418OOliwia
84%
186AAbbie
83%
83AAbigail
83%
124AAila
83%
248AAimee
83%
303AAmal
83%
156AAmy
83%
43AAyla
83%
156EEmilie
83%
5EEmily
83%
42EEva
83%
2IIsla
83%
6AAmelia
82%
186HHanna
81%
39HHannah
81%
12CCharlotte
80%
105LLillie
80%
92LLilly
80%
11LLily
80%
303MMary
80%
380AAlex
79%
285BBeth
79%
7GGrace
79%
52AAda
78%
418AAida
78%
80AAnnie
78%
116AAyda
78%
303IIsabel
78%
54CChloe
77%
17EEvie
77%
232IIsabelle
77%
156IIsobel
77%
380KKate
77%
418KKhloe
77%
163AAlexandra
76%
324AAlicia
76%
470AAlicja
76%
470AAlisha
76%
29EEllie
76%
15IIvy
76%
124MMaria
76%
139AAaliyah
75%
25DDaisy
75%
470EElia
75%
56RRose
75%
27JJessica
74%
105MMollie
74%
62MMolly
74%
163NNora
74%
208NNorah
74%
248BBethany
73%
38IIsabella
73%
104KKatie
73%
418LLillian
73%
470AAliya
72%
358AAliyah
72%
273AAnnabel
72%
380BBeau
72%
69BBella
72%
223CCatherine
72%
105JJulia
72%
303LLauren
72%
418LLia
72%
3FFreya
71%
358GGabriela
71%
146GGabriella
71%
4MMillie
71%
208RRachel
71%
238AAriana
70%
418AArianna
70%
223FFreyja
70%
122LLucie
70%
18LLucy
70%
285AAnnabelle
69%
380DDiana
69%
113EEleanor
69%
19MMia
69%
139RRebecca
69%
186SSara
69%
186SSarah
69%
324LLaila
68%
44LLayla
68%
418LLaylah
68%
260LLeila
68%
418LLeyla
68%
151OOlive
68%
139RRosa
68%
55EErin
67%
79FFlorence
67%
39GGeorgia
67%
58GGracie
67%
113HHollie
67%
48HHolly
67%
380JJane
67%
380JJorga
67%
21SSofia
67%
13SSophia
67%
418ZZofia
67%
133FFaith
66%
116IIris
66%
232MMaia
66%
303MMaja
66%
34MMaya
66%
186MMya
66%
215VVictoria
66%
260AAllie
65%
470AAshley
65%
380FFrances
65%
129MMaddison
65%
156MMadison
65%
71ZZoe
65%
223ZZoey
65%
358AAlexis
64%
133CClara
64%
32EElsie
64%
324EEsther
64%
260HHelena
64%
215LLola
64%
7SSophie
64%
418AAudrey
63%
223CCassie
63%
28RRuby
63%
303ZZahra
63%
51ZZara
63%
76AAmber
62%
195EEdith
62%
324MMelissa
62%
148JJasmine
61%
20RRosie
61%
470AAnne
60%
470DDaniella
60%
285KKallie
60%
285LLila
60%
109LLilah
60%
60LLuna
60%
71LLyla
60%
83PPenelope
60%
65PPhoebe
60%
380KKaira
59%
186KKayla
59%
324NNicole
59%
285AAubrey
58%
45CCallie
58%
67CCora
58%
179FFlora
58%
15HHarper
58%
133HHarriet
58%
78HHope
58%
358MMegan
58%
53VViolet
58%
173AAmelie
57%
71AAurora
57%
380CCharley
57%
273CCharlie
57%
380GGeorgina
57%
273JJosie
57%
273LLana
57%
108LLeah
57%
248LLeia
57%
273MMadeleine
57%
324MMadeline
57%
36MMila
57%
25WWillow
57%
113AAutumn
56%
260BBelle
56%
30BBonnie
56%
200CCara
56%
215EEsmae
56%
33EEsme
56%
24MMaisie
56%
260NNancy
56%
285NNatalia
56%
80NNina
56%
151AAddison
55%
215AArla
55%
418BBria
55%
223EElise
55%
215HHailey
55%
156HHayley
55%
95IImogen
55%
248JJessie
55%
324MMaisy
55%
23OOrla
55%
139PPenny
55%
83QQuinn
55%
358FFiona
54%
173LLena
54%
223AAvery
53%
324BBrianna
53%
208CCali
53%
163DDelilah
53%
324EErica
53%
303FFrancesca
53%
418KKali
53%
151MMartha
53%
303AAlayna
52%
148CConnie
52%
116EElena
52%
418EEmme
52%
324FFelicity
52%
47HHallie
52%
41PPoppy
52%
112BBrooke
51%
418CCiara
51%
260KKeira
51%
215KKiara
51%
129LLexi
51%
238LLexie
51%
418RRhia
51%
101HHeidi
50%
380LLacie
50%
87MMatilda
50%
179NNaomi
50%
148AApril
49%
90EEden
49%
238FFaye
49%
285IRIvy-Rose
49%
156SStella
49%
163AAlyssa
48%
163EEloise
48%
179FFatima
48%
186HHazel
48%
248LLydia
48%
223NNeve
48%
76NNiamh
48%
124RRiley
48%
34SSienna
48%
380AAdelaide
47%
470EEadie
47%
238EEdie
47%
173MMaggie
47%
358AAdeline
46%
303AAisha
46%
418AAyesha
46%
380SSamantha
46%
66SSummer
46%
285AAnya
45%
324CCaitlin
45%
92GGeorgie
45%
380GGia
45%
124HHarley
45%
61LLottie
45%
238LLouisa
45%
303NNadia
45%
74SScarlett
45%
223DDarcey
44%
97DDarcie
44%
133DDarcy
44%
248EEliana
44%
303JJorgie
44%
273LRLily-Rose
44%
101LLucia
44%
358MMacey
44%
324MMaci
44%
200MMacie
44%
324MMacy
44%
358MMaddie
44%
285MMelody
44%
358AAlina
43%
303ARAmelia-Rose
43%
83AArabella
43%
418PPolly
43%
260AAmira
42%
418AAmirah
42%
380BBailey
42%
151BBillie
42%
418CCarla
42%
133HHalle
42%
223LLiliana
42%
380VVivienne
42%
163AAmara
41%
260AAnastasia
41%
195MMabel
41%
418NNell
41%
179RRhea
41%
273AAthena
40%
418ARAva-Rose
40%
418JJoy
40%
208LLacey
40%
418ERElla-Rose
39%
285GGianna
39%
195AAriella
38%
470CCarly
38%
56EEmilia
38%
418JJenna
38%
200RRaya
38%
273RReya
38%
380RRosalie
38%
99SSadie
38%
45SSkye
38%
200TTalia
38%
470CConstance
37%
200EEmmie
37%
232EEmmy
37%
163FFrankie
37%
208HHeather
37%
380NNellie
37%
248AAmaya
36%
470AAmayah
36%
418BBeatrix
36%
62NNova
36%
285OOphelia
36%
108PPaige
36%
324CCasey
35%
418CCassandra
35%
69HHarlow
35%
273KKyla
35%
116SSavannah
35%
64TThea
35%
99IIona
34%
418OOona
34%
101TTilly
34%
273UUna
34%
358EEverly
33%
129AAoife
32%
248EEverleigh
32%
470FFarrah
32%
470GGenevieve
32%
49MMaeve
32%
470AAlma
31%
200FFearne
31%
195FFern
31%
358FFerne
31%
173LLyra
31%
163MMargot
31%
324MMira
31%
215MMirha
31%
358SSeren
31%
116SSkylar
31%
380SSkyler
31%
380WWinter
31%
238WWynter
31%
324AAurelia
30%
179EElodie
30%
87AAlba
29%
470AMAva-Mae
29%
418DDaphne
29%
186LLibby
29%
238MMarley
29%
87MMirren
29%
75MMyla
29%
156MMylah
29%
285PPayton
29%
248PPeyton
29%
215BBlair
28%
285BBlaire
28%
303DDahlia
28%
179EEffie
28%
470EEffy
28%
122PPiper
28%
260VValentina
28%
324ZZuzanna
28%
324AAntonia
27%
139BBlake
27%
470BBobbi
27%
470CCecilia
27%
179PPippa
27%
273RRobin
27%
37RRobyn
27%
418SSasha
27%
418SSerena
27%
418SSierra
27%
418TTabitha
27%
285AAnaya
26%
173CCleo
26%
418EEtta
26%
124IIndie
26%
324MMalia
26%
380DDakota
25%
260LLois
25%
358NNyla
25%
418NNylah
25%
380SSelena
25%
380ARAria-Rose
24%
324EEllis
24%
324KKayleigh
24%
67RRemi
24%
358RRemy
24%
238SSylvie
24%
358MMariam
23%
208MMaryam
23%
418MMichaela
23%
380PPearl
23%
285AAstrid
22%
418JJuniper
22%
139MMara
22%
470CClaudia
21%
195MMiley
21%
260NNevaeh
21%
200NNoa
21%
108RRiver
21%
133MMarnie
20%
95RRowan
20%
358AAlaia
19%
303AAlaya
19%
470AAlayah
19%
470CClementine
19%
273EEmber
19%
380PPriya
19%
418IIzzy
18%
324KKaia
18%
303OOrlah
18%
303OOttilie
18%
151WWren
18%
116FFiadh
17%
418HHoney
17%
418LLiyana
17%
418PPhoenix
17%
139AAilsa
16%
470AAlessia
16%
380AAspen
16%
418LLivia
16%
200NNola
16%
418CCerys
15%
22EEilidh
15%
418HHadley
15%
324LLilith
15%
248ZZainab
15%
303DDaria
14%
418FFrida
13%
129OOrlaith
13%
380RRaven
13%
358WWinnie
13%
470HHafsa
12%
324AAlora
11%
418HHalima
11%
90MMaeva
11%
303RRae
11%
358AAndi
10%
303MMeadow
10%
324OOakley
10%
358VVienna
10%
470AAayat
9%
324AAyat
9%
303BBlossom
9%
285KKhadijah
9%
380MMarcie
9%
380RRoma
9%
208RRomi
9%
248RRomy
9%
238SSaoirse
9%
285SStevie
9%
470AAine
8%
285EElspeth
8%
380KKenna
8%
232SSloane
8%
470AAliza
7%
470CCalla
7%
248CCaoimhe
7%
324DDarla
7%
418FFallon
7%
260HHaniya
7%
380KKeeva
7%
418LLua
7%
324PPrimrose
7%
324ZZoya
7%
324EElora
6%
324EEmelia
6%
324NNuala
6%
380PPixie
6%
238RReeva
6%
418EEilish
5%
324JJoni
5%
358MMorven
5%
418PPerrie
5%
470DDrew
4%
380MMairi
4%
324DDua
3%
380SStorm
3%
470AAnabia
2%
380AArwen
2%
418CClodagh
2%
418RRayne
2%
380RRoux
2%
418SSunday
2%
260VVaila
2%
232BBreagha
1%
303MMurron
1%
232OOrlagh
1%
470AAmna
0%
470AAyzal
0%

Score Distribution

Percentile by Number Answered

Percent of People with Each Score

Your Score History

You have not taken this quiz